|
|
|
|
| LEADER |
00914nam a2200229 a 4500 |
| 001 |
12833166 |
| 008 |
101214s2002 enka b 001 0 eng d |
| 010 |
|
|
|a 2002283504
|
| 020 |
|
|
|a 047084311X
|
| 040 |
|
|
|a JRZ
|c JRZ
|d DLC
|d BD-DhAAL
|
| 082 |
0 |
0 |
|a 005.2/762
|2 21
|
| 100 |
1 |
|
|a Loton, Tony.
|
| 245 |
1 |
0 |
|a Web content mining with Java :
|b techniques for exploiting the World Wide Web /
|c Tony Loton.
|
| 260 |
|
|
|a West Sussex, England :
|b John Wiley & Sons,
|c 2002.
|
| 300 |
|
|
|a xviii, 305 p. :
|b ill. ;
|c 24 cm.
|
| 504 |
|
|
|a Includes bibliographical references and index.
|
| 541 |
1 |
|
|e 00021593
|
| 650 |
|
0 |
|a Data mining.
|
| 650 |
|
0 |
|a Java (Computer program language)
|
| 852 |
4 |
|
|a Ayesha Abed Library
|c General Shelf.
|
| 999 |
|
|
|c 10208
|d 10208
|
| 952 |
|
|
|0 0
|1 0
|2 ddc
|4 0
|6 005_276200000000000_LOT
|7 0
|9 13619
|a BRACUL
|b BRACUL
|c GEN
|d 2010-12-14
|e TRIM EDUCATION
|l 6
|m 48
|o 005.2762 LOT
|p 3010021593
|r 2017-07-30
|s 2017-05-13
|t 1
|w 2010-12-14
|y BK
|